00244nam a2200085 4500082001200000245008400012260002600096300000700122650002900129 a540 INT aIntegrated Chemical Education to meet Emerging Challenges in the New Millennium aColombobICHEMCc2002 a30 aChemical Educationa2002